| 000 | 00458nam a2200181 i 4500 | ||
|---|---|---|---|
| 001 | bg | ||
| 100 | 1 | _aTOMLINSON, Brian | |
| 245 | 0 |
_aReading : _bupper-intermediate / _cB. Tomlinson, R. Ellis. |
|
| 260 |
_aOxford, _c1990. |
||
| 490 | 1 | _aOxford Supplementary Skills | |
| 700 | 1 | _aELLIS, Rod | |
| 830 | _aOxford Supplementary Skills | ||
| 040 | _cBPK | ||
| 041 | _apol | ||
| 080 | _a802.0(07) | ||
| 942 | _cKS | ||
| 008 | s pl f |000 0 pol | ||
| 999 |
_c4515 _d4515 |
||
| 856 |
_uhttp://koha.tu.koszalin.pl/cgi-bin/koha/opac-detail.pl?biblionumber=4515 _yKatalog online BPK |
||